|
|
|
|
| LEADER |
00000Cam#a2200000#a#4500 |
| 001 |
021962 |
| 005 |
20160721160105.0 |
| 008 |
100908s1995||||ag d f#b #000|0#spa#d |
| 020 |
|
|
|a 9706204962
|
| 040 |
|
|
|a AR-BeUNQ
|
| 082 |
0 |
4 |
|a 306.36
|2 21
|
| 100 |
1 |
|
|a Leyva Piña, Marco Antonio
|
| 245 |
0 |
2 |
|a Poder y dominación en ferrocarriles nacionales de México :
|b 1970-1988
|c Marco Antonio Leyva Piña.
|
| 250 |
|
|
|a 1a. ed.
|
| 260 |
|
|
|a México, D. F. :
|b Universidad Autónoma Metropolitana,
|c 1995.
|
| 300 |
|
|
|a 243 p. :
|b gráficos ;
|c 21 cm.
|
| 490 |
1 |
|
|a Colección CHS
|
| 504 |
|
|
|a Bibliografía: p.227-241.
|
| 650 |
|
7 |
|a Sindicatos
|2 spines
|
| 650 |
|
7 |
|a Poder político
|2 spines
|
| 650 |
|
7 |
|a Participación de los trabajadores
|2 spines
|
| 650 |
|
7 |
|a Trenes
|2 spines
|
| 651 |
|
7 |
|a México
|2 spines
|
| 830 |
|
0 |
|a Colección CSH (Universidad Autónoma Metropolitana).
|
| 929 |
|
|
|a DONACION
|b Universidad Autónoma Metropolitana
|d 0,00
|e 20080526
|f PAT0024124
|g 1047 Exp.827-0387/98
|j 45343
|
| 942 |
|
|
|c LIB
|n 0
|
| 999 |
|
|
|c 21299
|d 96686
|